LEADER 01195nam--2200361---450- 001 990002361000203316 005 20100105150306.0 035 $a000236100 035 $aUSA01000236100 035 $a(ALEPH)000236100USA01 035 $a000236100 100 $a20050114d1971----km-y0itay0103----ba 101 0 $aita 102 $aIT 105 $a||||||||001yy 200 1 $a<>organizzazione dal vivo$euno studio comparato di organismi sociali fondato su un approccio socioterapeutico$fCyril Sofer 210 $aMilano$cF. Angeli$d1971 215 $a226 p.$d22 cm 225 2 $a<> classici della società industriale 410 0$12001$a<> classici della società industriale 454 1$12001$a<> organization from within$9430498 461 1$1001-------$12001 676 $a301 700 1$aSOFER,$bCyril$0125963 801 0$aIT$bsalbc$gISBD 912 $a990002361000203316 951 $aXXX.B. Coll. 84/ 5 (Coll. AOJ 5)$b25286 G.$cXXX.B. Coll. 84/ 5 (Coll. AOJ)$d00263171 959 $aBK 969 $aECO 979 $aSIAV3$b10$c20050114$lUSA01$h1252 979 $aRSIAV3$b90$c20100105$lUSA01$h1503 996 $aOrganization from within$9430498 997 $aUNISA LEADER 03556oam 2200433 450 001 9910563171803321 005 20230621135619.0 010 $a3-205-21093-X 035 $a(CKB)3710000000735310 035 $a(EXLCZ)993710000000735310 100 $a20160704h20162015 uy 0 101 0 $ager 135 $aurmn#nnn||||| 181 $ctxt$2rdacontent 182 $cc$2rdamedia 183 $acr$2rdacarrier 200 00$a[Regesta imperii]/$fO?sterreichischen Akademie der Wissenschaften, Regesta Imperii ..$i11, Regesten Kaiser Sigismunds (1410 - 1437) nach Archiven und Bibliotheken geordnet / hrsg. von Karel Hruza$hBand 2$iDie Urkunden und Briefe aus den Archiven und Bibliotheken West-, Nord- und Ostbo?hmens ; nach Wilhelm Altmann neubearbeitet von Petr Elbel - Stanislav Ba?rta - Pr?emysl Bar - Luka?s? Reitinger 210 1$aWien :$cBöhlau Verlag,$d2016. 210 4$d©2015 215 $a1 online resource (323 pages) $cdigital, PDF file(s) 225 0 $aOpen Access e-Books 225 0 $aKnowledge Unlatched 300 $aAt head of title: O??sterreichische Akademie der Wissenschaften, Regesta Imperii und Deutsche Kommission fu?r Bearbeitung der Regesta Imperii bei der Akademie der Wissenschaften und der Literatur Mainz. J. F. Bo?hmer, Regesta Imperii. 320 $aIncludes bibliographical references and index. 330 $aThe volume contains the edition of 180 abstracts of the charters and letters from the archives and libraries in West, North and East Bohemia, issued by Emperor Sigismund (1410-1437). It is the second volume of the planned complete revision of the edition of abstracts "Urkunden Kaiser Sigmunds" (Innsbruck 1896/1900) published by Wilhelm Altmann within the framework of the Regesta Imperii. The volume includes a large historical introduction, a bibliography and an index and adds primarily to the historical documentation of the major cities of Eger/Cheb, Pilsen/Plze? and Elbogen/Loket in West Bohemia which remained loyal to the king during the Hussite Revolution, and sheds light on the career, estate property and diplomatic forgeries of Sigismund's influential chancellor Kaspar Schlick, a burgher of Eger. 330 $aDer Band enthält 180 moderne Vollregesten von den Urkunden und Briefen Kaiser Sigismunds (1410?1437) aus den Archiven und Bibliotheken West-, Nord- und Ostböhmens und bildet den zweiten Band der geplanten kompletten Neubearbeitung des von Wilhelm Altmann verfassten Regestenwerks "Urkunden Kaiser Sigmunds" (Innsbruck 1896/1900) im Rahmen der Regesta Imperii. Daneben enthält das Buch auch eine längere historische Einleitung, eine Bibliographie und ein Register. Es dokumentiert vor allem die Schicksale der wichtigen königstreuen Städten in Westböhmen - Eger, Pilsen und Elbogen - und bringt zahlreiche Belege zu Karriere, Gütererwerb und diplomatischen Fälschungen des einflussreichen Kanzlers Sigismunds, des gebürtigen Egerer Bürgers Kaspar Schlick. 607 $aHoly Roman Empire$xHistory$ySigismund, 1411-1437$vSources 676 $a943.02 701 $aBo?hmer$b Johann Friedrich$f1795-1863.$0485515 702 $aHrusa$b Karel$f1961-, 712 02$aO?sterreichische Akademie der Wissenschaften.$bRegesta Imperii, 712 02$aAkademie der Wissenschaften und der Literatur (Germany).$bDeutsche Kommission fu?r die Bearbeitung der Regesta Imperii, 801 0$bAuAdUSA 801 1$bAuAdUSA 801 2$bUkMaJRU 906 $aBOOK 912 $a9910563171803321 996 $aRegesta imperii$92835791 997 $aUNINA